It looks like you're offline.
Open Library logo
additional options menu

MARC record from Internet Archive

LEADER: 02000cam a2200529I 4500
001 ocm05392613
003 OCoLC
005 20200617072857.1
008 790920m19561964nyua 000 0 eng
010 $a 56009689
040 $aDLC$beng$cIAD$dOCL$dOCLCG$dBUF$dOCLCQ$dOCLCA$dBDX$dOCLCF$dCQ$$dOCLCQ$dOCLCO$dWIC$dWUW$dGZS$dTJC
020 $a0679302093
020 $a9780679302094
020 $a058232386X
020 $a9780582323865
020 $a0582323851
020 $a9780582323858
029 1 $aAU@$b000009676137
035 $a(OCoLC)05392613
050 04 $aLB17$b.B55
060 4 $aLB 17$bT235
082 0 $a370.1
049 $aMAIN
100 1 $aBloom, Benjamin S.$q(Benjamin Samuel),$d1913-1999,$eeditor.
245 10 $aTaxonomy of educational objectives:$bthe classification of educational goals,$cby a committee of college and university examiners.
250 $a[1st ed.].
260 $aNew York,$bLongmans, Green,$c1956-64.
300 $a2 volumes$billustrations$c22 cm
336 $atext$btxt$2rdacontent
337 $aunmediated$bn$2rdamedia
338 $avolume$bnc$2rdacarrier
500 $aVol. 2 by D.R. Krathwohl and others.
505 0 $a1. Cognitive domain. -- 2. Affective domain.
505 0 $aHandbook I. Cognitive domain / by a committee of college and university examiners ; Benjamin S. Bloom, editor -- Handbook II. Affective domain / by David R. Krathwohl, Benjamin S. Bloom, Bertram B. Masia.
504 $aIncludes bibliographical references.
590 $bArchive
650 0 $aEducation$xAims and objectives.
650 7 $aEducation$xAims and objectives.$2fast$0(OCoLC)fst00902507
650 2 $aEducation.
650 2 $aLearning.
653 $aEducation
700 1 $aKrathwohl, David R.
776 08 $iOnline version:$tTaxonomy of educational objectives.$b1st ed.$dNew York : D. McKay, 1956-1964$w(OCoLC)653624719
938 $aBrodart$bBROD$n22764569$c$3.50
994 $a92$bCST
976 $a10011429835
976 $a10011347494